Statistics for Kawhi Leonard

Click here to take the quiz!

General Stats

  • This quiz has been taken 358 times
  • The average score is 7 of 10

Answer Stats

HintAnswer% Correct
Jersey Number2
99%
Championships1
98%
Teamspurs
94%
Age26
92%
Number Drafted15
88%
Height6 7
83%
Team Drafted ByPacers
76%
Nicknamethe Klaw
55%
Birthplacelos angeles
46%
Girlfriend's NameKishele Shipley
16%

Score Distribution

Percentile by Number Answered

Percent of People with Each Score

Your Score History

You have not taken this quiz